[Event "IRI-ch U12"]
[Site "Chess.com INT"]
[Date "2021.01.16"]
[Round "4"]
[White "Gholami, Armin1111"]
[Black "Rabbani, Abtin"]
[Result "1-0"]
[WhiteElo "1333"]
[BlackElo "1385"]
[PlyCount "79"]
[EventDate "2021.01.16"]
[EventType "swiss"]
[EventRounds "11"]
[EventCountry "IRI"]
[SourceTitle "EXT 2022"]
[Source "ChessBase"]
[SourceDate "2021.10.06"]
[SourceVersion "1"]
[SourceVersionDate "2021.10.06"]
[SourceQuality "1"]

1. d4 Nf6 2. c4 e6 3. Nc3 Bb4 4. Nf3 b6 5. g3 Ne4 6. Qc2 Bb7 7. Bg2 0-0 8. 0-0 Bxc3 9. bxc3 Qc8 10. Nd2 Nxd2 11. Bxd2 Bxg2 12. Kxg2 d6 13. e4 Nd7 14. f3 c5 15. Qd3 Qc7 16. Rfd1 Rfd8 17. Bf4 e5 18. Be3 Nf8 19. d5 Nd7 20. h4 Rf8 21. g4 f6 22. Rh1 g6 23. Rag1 Kh8 24. Bh6 Rf7 25. g5 fxg5 26. hxg5 Re8 27. Rh3 Ree7 28. Rgh1 Qd8 29. Qe2 Rf4 30. Rh4 Ref7 31. R1h3 Qe8 32. Qe3 Qe7 33. Qc1 Qe8 34. Qa3 Qb8 35. Qa4 Qb7 36. Qb5 Qc8 37. a4 Qc7 38. Rxf4 Rxf4 39. Qc6 Qd8 40. Qxd6 1-0

[Event "Asian Schools-ch 14th U11"]
[Site "Waskaduwa"]
[Date "2018.07.09"]
[Round "1.4"]
[White "Rabbani, Abtin"]
[Black "Garv, Gaur"]
[Result "0-1"]
[WhiteElo "1090"]
[BlackElo "1519"]
[PlyCount "89"]
[EventDate "2018.07.09"]
[EventType "swiss"]
[EventRounds "9"]
[EventCountry "SRI"]
[SourceTitle "EXT 2024"]
[Source "ChessBase"]
[SourceDate "2023.10.10"]
[SourceVersion "1"]
[SourceVersionDate "2023.10.10"]
[SourceQuality "1"]

1. e4 c6 2. d4 d5 3. Nd2 dxe4 4. Nxe4 Bf5 5. Ng3 Bg6 6. Nf3 Nd7 7. Bd3 Bxd3 8. Qxd3 e6 9. 0-0 Ngf6 10. Re1 Be7 11. Bf4 0-0 12. c3 Nd5 13. Bd2 c5 14. Ne4 cxd4 15. Nxd4 Ne5 16. Qg3 Ng6 17. Bg5 Qb6 18. Bxe7 Ndxe7 19. Nb3 Nf5 20. Qg4 a5 21. Nec5 Rfd8 22. Red1 Qc6 23. Qe4 Qxe4 24. Nxe4 b6 25. a4 Ne5 26. Nd4 Nxd4 27. Rxd4 Rxd4 28. cxd4 Nc6 29. Nd6 Nxd4 30. Nc4 Rb8 31. Rd1 Nf5 32. g4 Ne7 33. Nxb6 h5 34. Nc4 Rb4 35. Nxa5 Rxg4+ 36. Kf1 Rxa4 37. Rd7 Rxa5 38. Rxe7 Rb5 39. Re8+ Kh7 40. Re7 Rxb2 41. Rxf7 Kg6 42. Rf3 Rb4 43. Re3 Kf5 44. Rf3+ Rf4 45. Rg3 0-1